Normal view MARC view
  • Aggarwal. J.C.etal

Entry Personal Name

Number of records used in: 2

001 - CONTROL NUMBER

  • control field: 445

003 - CONTROL NUMBER IDENTIFIER

  • control field: OSt

005 - DATE AND TIME OF LATEST TRANSACTION

  • control field: 20160914093039.0

008 - FIXED-LENGTH DATA ELEMENTS

  • fixed length control field: 160914|| aca||aabn | a|a d

040 ## - CATALOGING SOURCE

  • Original cataloging agency: OSt

100 ## - HEADING--PERSONAL NAME

  • Personal name: Aggarwal. J.C.etal

Powered by Koha